[Event "45. Open de Mislata 2011 - Grupo B"]
[Site "Mislata ESP"]
[Date "2011.08.20"]
[Round "8.1"]
[White "Morant Amezaga, Elies"]
[Black "Segarra Martinez, Axel"]
[Result "1/2-1/2"]
[WhiteElo "1994"]
[BlackElo "2081"]
[PlyCount "129"]
[EventDate "2011.08.15"]
[EventType "swiss"]
[EventRounds "9"]
[EventCountry "ESP"]
[Source "lmi"]
[SourceDate "2011.08.15"]

1. d4 Nf6 2. c4 c5 3. Nf3 e6 4. Nc3 a6 5. e4 cxd4 6. Nxd4 Qc7 7. Be2 Nc6 8. Nc2
Be7 9. O-O d6 10. Be3 Ne5 11. Nd4 b6 12. Rc1 Bb7 13. f3 Rc8 14. b3 O-O 15. Qe1
Rfe8 16. Qf2 Qb8 17. Kh1 d5 18. cxd5 exd5 19. exd5 Ba3 20. Rc2 Nxd5 21. Bc1 Bc5
22. Ne4 Nb4 23. Rd2 Bxe4 24. fxe4 Rcd8 25. Bb2 Qb7 26. Qf5 g6 27. Qf6 Rd6 28.
Qf4 Qd7 29. Rfd1 Qe7 30. a3 Nbd3 31. Bxd3 Bxd4 32. Bxa6 Bc5 33. Bxe5 Rxd2 34.
Rxd2 Qxe5 35. Qxe5 Rxe5 36. b4 Rxe4 37. Re2 Rd4 38. Re1 Bd6 39. g3 Rd2 40. Re2
Rd1+ 41. Kg2 Ra1 42. Re3 Bxb4 43. axb4 Rxa6 44. Re8+ Kg7 45. Rb8 h5 46. b5 Ra2+
47. Kf3 Rxh2 48. Rxb6 Rb2 49. Rb8 g5 50. b6 f5 51. b7 h4 52. gxh4 gxh4 53. Kf4
h3 54. Rc8 h2 55. Rc1 Kg6 56. Rh1 Rxb7 57. Rxh2 Rb4+ 58. Kf3 Kf6 59. Ra2 Rc4
60. Ra3 Kg5 61. Kf2 Rc2+ 62. Kf1 Kg4 63. Rb3 f4 64. Ra3 Rh2 65. Rb3 1/2-1/2

[Event "45. Open de Mislata 2011 - Grupo B"]
[Site "Mislata ESP"]
[Date "2011.08.20"]
[Round "8.2"]
[White "Moreno, Ibanez Miguel"]
[Black "Mingarro Carceller, Sergi"]
[Result "0-1"]
[WhiteElo "2022"]
[BlackElo "2069"]
[PlyCount "94"]
[EventDate "2011.08.15"]
[EventType "swiss"]
[EventRounds "9"]
[EventCountry "ESP"]
[Source "lmi"]
[SourceDate "2011.08.15"]

1. e4 e6 2. d4 d5 3. Nd2 Nf6 4. Bd3 c5 5. e5 Nfd7 6. c3 Nc6 7. Ngf3 f6 8. Ng5
fxg5 9. Qh5+ g6 10. Bxg6+ hxg6 11. Qxg6+ Ke7 12. Nf3 Ndxe5 13. dxe5 Kd7 14.
Bxg5 Be7 15. h4 Qg8 16. Qxg8 Rxg8 17. O-O-O Kc7 18. Bf6 Bd7 19. Ng5 Raf8 20.
Nh7 Bxf6 21. Nxf8 Bxe5 22. Nxd7 Kxd7 23. g3 Bh8 24. Kd2 Ne5 25. Ke2 c4 26. h5
Ke7 27. Rh3 Nd3 28. Rd2 b5 29. a3 a5 30. h6 b4 31. axb4 axb4 32. cxb4 Nxb2 33.
h7 Rd8 34. Kf3 c3 35. Re2 Rf8+ 36. Kg2 d4 37. Rh6 Rf6 38. Rh1 d3 39. Rxb2 cxb2
40. f4 Rh6 41. Rb1 Rxh7 42. Kf3 Kd8 43. Ke3 Rd7 44. Kd2 Kc7 45. g4 Kb6 46. f5
exf5 47. gxf5 Kb5 0-1

[Event "45. Open de Mislata 2011 - Grupo B"]
[Site "Mislata ESP"]
[Date "2011.08.20"]
[Round "8.3"]
[White "Remolar Gallen, Jose"]
[Black "Leon Colan, Carlos Edmundo"]
[Result "1-0"]
[WhiteElo "2068"]
[BlackElo "1981"]
[PlyCount "123"]
[EventDate "2011.08.15"]
[EventType "swiss"]
[EventRounds "9"]
[EventCountry "ESP"]
[Source "lmi"]
[SourceDate "2011.08.15"]

1. e4 e6 2. c4 c5 3. Nc3 Nc6 4. g3 g6 5. Bg2 Bg7 6. Nge2 Nge7 7. O-O a6 8. d3
O-O 9. Be3 Nd4 10. f4 Nec6 11. Bf2 d6 12. Nxd4 cxd4 13. Ne2 e5 14. h3 a5 15.
Be1 f6 16. f5 g5 17. h4 h6 18. a4 Rf7 19. Kf2 Bd7 20. Rh1 Qb6 21. b3 Be8 22.
Nc1 Rc7 23. Bf3 Rac8 24. Kf1 Ne7 25. b4 axb4 26. a5 Qa6 27. Bxb4 Rc6 28. Ra3 b6
29. axb6 Qxb6 30. Ba5 Qb2 31. Ra2 Qb7 32. hxg5 hxg5 33. Qb3 Qd7 34. Rhh2 Bf7
35. Bh5 Bxh5 36. Rxh5 d5 37. exd5 Qxf5+ 38. Rf2 Qg4 39. Rh1 Nxd5 40. Ne2 Ne3+
41. Ke1 Ra8 42. Bd2 Ra1+ 43. Bc1 Qe6 44. Qb7 Rb6 45. Qc7 Qd6 46. Qc8+ Kf7 47.
c5 Qc6 48. Rxf6+ Bxf6 49. Rh7+ Bg7 50. Qd8 Rb7 51. Rh2 Qf3 52. Rf2 g4 53. Rxf3+
gxf3 54. c6 Rb2 55. Qd7+ Kg6 56. Qe8+ Kg5 57. Qd8+ Kh6 58. Kf2 Rxe2+ 59. Kxf3
Raa2 60. c7 e4+ 61. Kxe4 Bf8 62. c8=Q 1-0

[Event "45. Open de Mislata 2011 - Grupo B"]
[Site "Mislata ESP"]
[Date "2011.08.20"]
[Round "8.4"]
[White "Borissov, Julian"]
[Black "Aparisi Arnandis, Bernardo"]
[Result "1-0"]
[WhiteElo "2011"]
[BlackElo "2040"]
[PlyCount "41"]
[EventDate "2011.08.15"]
[EventType "swiss"]
[EventRounds "9"]
[EventCountry "ESP"]
[Source "lmi"]
[SourceDate "2011.08.15"]

1. d4 Nf6 2. Nf3 e6 3. e3 d5 4. c4 c6 5. Bd3 dxc4 6. Bxc4 b5 7. Bd3 a6 8. O-O
Nbd7 9. Nc3 Bb7 10. e4 c5 11. d5 c4 12. dxe6 fxe6 13. Bc2 Bc5 14. Qe2 O-O 15.
Ng5 Qe8 16. e5 h6 17. exf6 hxg5 18. fxg7 Kxg7 19. Qg4 Nf6 20. Qxg5+ Kf7 21.
Bg6+ 1-0

[Event "45. Open de Mislata 2011 - Grupo B"]
[Site "Mislata ESP"]
[Date "2011.08.20"]
[Round "8.5"]
[White "Moya Sapena, Juan"]
[Black "Sos Andreu, Erik"]
[Result "0-1"]
[WhiteElo "1936"]
[BlackElo "2025"]
[PlyCount "82"]
[EventDate "2011.08.15"]
[EventType "swiss"]
[EventRounds "9"]
[EventCountry "ESP"]
[Source "lmi"]
[SourceDate "2011.08.15"]

1. d4 Nf6 2. Nf3 g6 3. Bf4 Bg7 4. e3 O-O 5. Be2 d6 6. h3 c5 7. O-O b6 8. c4 Bb7
9. Nc3 Nbd7 10. Qc2 a6 11. d5 b5 12. cxb5 axb5 13. Bxb5 Nxd5 14. Nxd5 Bxd5 15.
a4 Nb8 16. Rfd1 Bb7 17. e4 Qb6 18. Be3 Nc6 19. Ra3 Nb4 20. Qb1 Bc6 21. Rb3 Qb7
22. Bxc6 Qxc6 23. Qc1 Qxe4 24. Nd2 Qc2 25. Qxc2 Nxc2 26. Rb7 Rfe8 27. b3 Rab8
28. Rc7 Bc3 29. Bxc5 dxc5 30. Rxc5 Bxd2 31. Rxd2 Na1 32. Rb2 Nxb3 33. Rc7 Kf8
34. Kf1 Red8 35. Rbc2 Ra8 36. Rb7 Nd4 37. Rc4 Nf5 38. Rbb4 Rdb8 39. Ke2 Re8 40.
g4 Nd6 41. Rc7 Ra5 0-1

[Event "45. Open de Mislata 2011 - Grupo B"]
[Site "Mislata ESP"]
[Date "2011.08.20"]
[Round "8.6"]
[White "Martinez Ramon, Senen"]
[Black "Fernandez Soriano, Ruben"]
[Result "1-0"]
[WhiteElo "2049"]
[BlackElo "2088"]
[PlyCount "101"]
[EventDate "2011.08.15"]
[EventType "swiss"]
[EventRounds "9"]
[EventCountry "ESP"]
[Source "lmi"]
[SourceDate "2011.08.15"]

1. c4 b6 2. Nc3 Bb7 3. d4 Nf6 4. f3 e6 5. e4 d6 6. Bg5 Be7 7. Bd3 e5 8. Be3
exd4 9. Bxd4 Nc6 10. Be3 O-O 11. Nge2 Ne5 12. O-O Re8 13. Nd4 Bf8 14. Bg5 h6
15. Bh4 Ng6 16. Bf2 c6 17. Qb3 Qc7 18. Rac1 Rad8 19. Rfd1 Qb8 20. Qa4 Qa8 21.
Bf1 Rc8 22. Nf5 Red8 23. Bd4 Nd7 24. Bf2 Nc5 25. Qc2 Ne6 26. Qb1 d5 27. cxd5
cxd5 28. exd5 Bxd5 29. Nxd5 Rxc1 30. Nf6+ gxf6 31. Qxc1 Rxd1 32. Qxd1 Qc6 33.
Qd2 Kh7 34. b4 Qa4 35. Be1 Ne5 36. Ng3 Qd7 37. Qc2+ Kg8 38. Nh5 Be7 39. Qd2
Qd4+ 40. Kh1 Qxd2 41. Bxd2 Nd4 42. b5 Kh7 43. Bc3 Ne6 44. f4 Nd7 45. Bd3+ Kg8
46. Be4 Kf8 47. h3 Bd6 48. f5 Ng5 49. Bc6 Ne5 50. Nxf6 Kg7 51. Ne8+ 1-0

[Event "45. Open de Mislata 2011 - Grupo B"]
[Site "Mislata ESP"]
[Date "2011.08.20"]
[Round "8.8"]
[White "Zaragoza Montesinos, Ignasi"]
[Black "Machin Arbelo, Pedro Alexis"]
[Result "0-1"]
[WhiteElo "2033"]
[BlackElo "2006"]
[PlyCount "66"]
[EventDate "2011.08.15"]
[EventType "swiss"]
[EventRounds "9"]
[EventCountry "ESP"]
[Source "lmi"]
[SourceDate "2011.08.15"]

1. e4 c5 2. Nc3 e6 3. g3 Nc6 4. Bg2 Nf6 5. f4 d5 6. e5 Nd7 7. Nf3 Be7 8. O-O b6
9. Re1 Qc7 10. d3 Bb7 11. Kh1 O-O-O 12. d4 Rdg8 13. Be3 h6 14. Qd2 g5 15. dxc5
bxc5 16. Nb5 Qb6 17. a4 d4 18. Bf2 a6 19. Na3 Na5 20. Qd3 gxf4 21. gxf4 Rg4 22.
Bg3 h5 23. Bh3 Rg7 24. Rf1 Rhg8 25. c3 Qxb2 26. cxd4 Rxg3 27. Rab1 Rxf3 28.
Rxf3 Qxd4 29. Qf1 Bxf3+ 30. Qxf3 Qd5 31. Qxd5 exd5 32. Rb6 Rg6 33. Rb1 Kc7 0-1

[Event "45. Open de Mislata 2011 - Grupo B"]
[Site "Mislata ESP"]
[Date "2011.08.20"]
[Round "8.9"]
[White "Navarro Diaz, Carles"]
[Black "Llamazares Lopez, Marcos"]
[Result "1/2-1/2"]
[WhiteElo "2089"]
[BlackElo "1969"]
[PlyCount "119"]
[EventDate "2011.08.15"]
[EventType "swiss"]
[EventRounds "9"]
[EventCountry "ESP"]
[Source "lmi"]
[SourceDate "2011.08.15"]

1. e4 c5 2. Nf3 Nc6 3. d4 cxd4 4. Nxd4 g6 5. c4 Bg7 6. Be3 Nf6 7. Nc3 O-O 8.
Be2 d6 9. O-O Bd7 10. h3 a5 11. f4 Nxd4 12. Bxd4 Bc6 13. Bf3 Nd7 14. Bxg7 Kxg7
15. Qd4+ Kg8 16. Nd5 Bxd5 17. exd5 Qb6 18. Qxb6 Nxb6 19. b3 Nd7 20. Rfe1 Rfe8
21. Kf2 Nc5 22. Ke3 Ra6 23. Kd4 Rb6 24. Rab1 Kf8 25. Kc3 Ra8 26. Re3 Rb4 27.
Rbe1 Re8 28. h4 Na6 29. a3 Rb6 30. h5 Nc5 31. Bd1 Ra6 32. hxg6 hxg6 33. Bc2 e6
34. b4 axb4+ 35. axb4 Ra3+ 36. Kd4 Rxe3 37. Rxe3 Na6 38. Rb3 Nc7 39. Be4 f5 40.
Bf3 exd5 41. Bxd5 Nxd5 42. Kxd5 Re4 43. g3 Ke7 44. c5 Kd7 45. b5 dxc5 46. Kxc5
Re6 47. b6 Rc6+ 48. Kb5 Rc1 49. Rb2 Rc3 50. Rh2 Rb3+ 51. Kc5 Rc3+ 52. Kb4 Rc1
53. Rh7+ Kc8 54. Rg7 Rb1+ 55. Kc5 Rc1+ 56. Kb5 Rb1+ 57. Kc5 Rc1+ 58. Kd5 Rc6
59. Rg8+ Kd7 60. Rg7+ 1/2-1/2

[Event "45. Open de Mislata 2011 - Grupo B"]
[Site "Mislata ESP"]
[Date "2011.08.20"]
[Round "8.10"]
[White "Sanchez Dengra, Barbara"]
[Black "Hurtado Oldridge, Felipe"]
[Result "1/2-1/2"]
[WhiteElo "1862"]
[BlackElo "2079"]
[PlyCount "63"]
[EventDate "2011.08.15"]
[EventType "swiss"]
[EventRounds "9"]
[EventCountry "ESP"]
[Source "lmi"]
[SourceDate "2011.08.15"]

1. e4 d5 2. exd5 Nf6 3. d4 Bg4 4. Bb5+ Bd7 5. Bxd7+ Qxd7 6. Nf3 Qxd5 7. Nc3 Qh5
8. O-O Nc6 9. Bf4 O-O-O 10. Ne5 Nxe5 11. Bxe5 Qxd1 12. Raxd1 c6 13. Bxf6 gxf6
14. Rfe1 e6 15. Ne4 Be7 16. c4 f5 17. Nc3 Bf6 18. d5 Rhe8 19. dxc6 bxc6 20. Na4
Rxd1 21. Rxd1 Rd8 22. Rxd8+ Kxd8 23. Kf1 Bd4 24. Ke2 Kd7 25. f3 Kd6 26. Kd3 Bg1
27. h3 Ke5 28. Nc3 Bc5 29. Ne2 h5 30. b3 f4 31. Kc3 a5 32. Kd3 1/2-1/2

[Event "45. Open de Mislata 2011 - Grupo B"]
[Site "Mislata ESP"]
[Date "2011.08.21"]
[Round "9.1"]
[White "Segarra Martinez, Axel"]
[Black "Borissov, Julian"]
[Result "1-0"]
[WhiteElo "2081"]
[BlackElo "2011"]
[PlyCount "102"]
[EventDate "2011.08.15"]
[EventType "swiss"]
[EventRounds "9"]
[EventCountry "ESP"]
[Source "lmi"]
[SourceDate "2011.08.15"]

1. e4 e5 2. Nf3 Nc6 3. Bb5 a6 4. Ba4 Nf6 5. O-O b5 6. Bb3 d6 7. c3 Be7 8. h3
Na5 9. Bc2 c5 10. d4 Nc6 11. a4 Bb7 12. dxe5 dxe5 13. Qe2 O-O 14. Na3 b4 15.
Nc4 Qc7 16. Nh4 g6 17. f4 Nh5 18. Nf5 Nxf4 19. Bxf4 exf4 20. Qg4 Bf6 21. Rad1
Bc8 22. Rd6 Be6 23. Nh6+ Kh8 24. Qxf4 Bg7 25. Rxe6 Qxf4 26. Nxf7+ Qxf7 27. Rxf7
Rxf7 28. Rxc6 bxc3 29. bxc3 Bxc3 30. Kh2 Rf2 31. Bd1 Bd4 32. e5 Rf1 33. Bf3 Ra7
34. e6 Kg7 35. Kg3 Rc1 36. Nb6 Be5+ 37. Kf2 Bf6 38. Nc8 Rb7 39. Rxa6 Rb2+ 40.
Ke3 Bg5+ 41. Ke4 Rd2 42. Ke5 Re1+ 43. Be4 Bf6+ 44. Kf4 g5+ 45. Kf5 Rf2+ 46. Bf3
Re5+ 47. Kg4 Kg6 48. Kg3 Rd2 49. e7 Kg7 50. Ra7 Kf7 51. Bh5+ Kg7 1-0

[Event "45. Open de Mislata 2011 - Grupo B"]
[Site "Mislata ESP"]
[Date "2011.08.21"]
[Round "9.2"]
[White "Mingarro Carceller, Sergi"]
[Black "Morant Amezaga, Elies"]
[Result "1/2-1/2"]
[WhiteElo "2069"]
[BlackElo "1994"]
[PlyCount "135"]
[EventDate "2011.08.15"]
[EventType "swiss"]
[EventRounds "9"]
[EventCountry "ESP"]
[Source "lmi"]
[SourceDate "2011.08.15"]

1. e4 e5 2. Nf3 Nf6 3. Nxe5 d6 4. Nf3 Nxe4 5. Nc3 Nxc3 6. dxc3 Be7 7. Be3 O-O
8. Qd2 Nc6 9. O-O-O Ne5 10. Be2 Re8 11. Bf4 Bf6 12. h4 Be6 13. Ng5 d5 14. Bxe5
Bxe5 15. f4 Bd6 16. g4 f6 17. Nxe6 Rxe6 18. Bd3 c6 19. Bf5 Re7 20. g5 Qc7 21.
Kb1 Rf8 22. Rdf1 g6 23. Bg4 f5 24. Bf3 Ref7 25. Bd1 Re8 26. h5 Bf8 27. hxg6
hxg6 28. Rh4 Ree7 29. a3 Rh7 30. Rxh7 Rxh7 31. Qd4 a6 32. Re1 Re7 33. Rxe7 Qxe7
34. Bf3 Bg7 35. Qd2 Kf8 36. Ka2 Qe6 37. Kb1 Ke7 38. Qf2 Kd7 39. Qb6 Kc8 40. Qf2
Kc7 41. Qc5 b6 42. Qf2 Qe7 43. Be2 a5 44. Bf3 Bf8 45. Qd4 Qe6 46. Qd3 Qe7 47.
Ka2 Qe6 48. Kb1 Kb7 49. Be2 b5 50. a4 Qe4 51. axb5 Qxd3 52. Bxd3 Bd6 53. Kc1
Bxf4+ 54. Kd1 Bxg5 55. bxc6+ Kxc6 56. b3 Kd6 57. Ke2 Ke5 58. Kf3 Bd2 59. c4
dxc4 60. Bxc4 g5 61. Ba6 Bc3 62. Bc8 g4+ 63. Kg3 Ke4 64. Bd7 Be5+ 65. Kg2 Kf4
66. c4 Bd6 67. Bc8 Be5 68. Bd7 1/2-1/2

[Event "45. Open de Mislata 2011 - Grupo B"]
[Site "Mislata ESP"]
[Date "2011.08.21"]
[Round "9.3"]
[White "Sos Andreu, Erik"]
[Black "Remolar Gallen, Jose"]
[Result "1/2-1/2"]
[WhiteElo "2025"]
[BlackElo "2068"]
[PlyCount "87"]
[EventDate "2011.08.15"]
[EventType "swiss"]
[EventRounds "9"]
[EventCountry "ESP"]
[Source "lmi"]
[SourceDate "2011.08.15"]

1. e4 g6 2. d4 Bg7 3. c4 c6 4. Nc3 d5 5. exd5 cxd5 6. cxd5 Nf6 7. Qb3 Nbd7 8.
g3 Nb6 9. Bg2 Bf5 10. a4 Bd3 11. a5 Bc4 12. Qd1 Bxd5 13. Nf3 Nc8 14. Nxd5 Qxd5
15. Qa4+ Qd7 16. Ne5 Qxa4 17. Rxa4 Rb8 18. Rb4 Nd7 19. Rxb7 Rxb7 20. Bxb7 Nd6
21. Bc6 Bxe5 22. dxe5 Nc4 23. Ke2 Ncxe5 24. Bb5 O-O 25. f4 Rb8 26. Ba4 Nc5 27.
Bc2 Nc4 28. Rd1 Nxa5 29. Be3 Ne6 30. Rb1 Rb7 31. Be4 Rc7 32. Ra1 Nc4 33. Bxa7
Nxb2 34. Bd5 Rc2+ 35. Kf3 Rxh2 36. Bxe6 fxe6 37. Ra2 Rc2 38. Bd4 Nd3 39. Ra8+
Kf7 40. Rh8 e5 41. fxe5 Ke6 42. Rxh7 Nxe5+ 43. Bxe5 Kxe5 44. Rxe7+ 1/2-1/2

[Event "45. Open de Mislata 2011 - Grupo B"]
[Site "Mislata ESP"]
[Date "2011.08.21"]
[Round "9.4"]
[White "Machin Arbelo, Pedro Alexis"]
[Black "Martinez Ramon, Senen"]
[Result "1-0"]
[WhiteElo "2006"]
[BlackElo "2049"]
[PlyCount "105"]
[EventDate "2011.08.15"]
[EventType "swiss"]
[EventRounds "9"]
[EventCountry "ESP"]
[Source "lmi"]
[SourceDate "2011.08.15"]

1. e4 Nf6 2. Nc3 d5 3. exd5 Nxd5 4. Nf3 Bg4 5. h3 Bh5 6. Bc4 e6 7. Bxd5 exd5 8.
Qe2+ Be7 9. Qb5+ Nd7 10. Qxd5 Bxf3 11. Qxf3 c6 12. O-O O-O 13. d4 Nb6 14. Rd1
Nd5 15. Nxd5 cxd5 16. Bf4 Rc8 17. Rd2 Qa5 18. Re2 Bf6 19. c3 Rfd8 20. a3 Qb5
21. Rae1 Qd7 22. Be5 Bxe5 23. Rxe5 Kf8 24. Rh5 h6 25. Ree5 Re8 26. Rxe8+ Rxe8
27. Rxd5 Qc7 28. Qg3 Qc4 29. Qd6+ Kg8 30. Re5 Rf8 31. Qb4 Qc6 32. Qb5 Qc7 33.
Qc5 Qb8 34. Re7 Qf4 35. Re3 Qb8 36. Qe5 Qc8 37. Qd6 Kh7 38. Re7 Qf5 39. Rxb7
Qb1+ 40. Kh2 Kg8 41. Rb8 Rxb8 42. Qxb8+ Kh7 43. Qf4 Qxb2 44. Qxf7 Qxa3 45. c4
a5 46. c5 a4 47. Qf5+ Kg8 48. c6 Qe7 49. Qc8+ Kf7 50. c7 Qd6+ 51. Kg1 Qf4 52.
Qd7+ Kf6 53. Qc6+ 1-0

[Event "45. Open de Mislata 2011 - Grupo B"]
[Site "Mislata ESP"]
[Date "2011.08.21"]
[Round "9.5"]
[White "Gomez Benitez, David"]
[Black "Garcia Martinez, Cesar"]
[Result "1-0"]
[WhiteElo "2088"]
[BlackElo "2005"]
[PlyCount "49"]
[EventDate "2011.08.15"]
[EventType "swiss"]
[EventRounds "9"]
[EventCountry "ESP"]
[Source "lmi"]
[SourceDate "2011.08.15"]

1. e4 e5 2. Nf3 Nf6 3. Nc3 Bb4 4. Nxe5 O-O 5. Nd3 Bxc3 6. dxc3 Nxe4 7. Be2 d5
8. Nf4 c6 9. O-O Nd7 10. c4 Ndf6 11. cxd5 Nxd5 12. Nxd5 cxd5 13. Bf3 Bf5 14.
Qd4 Qa5 15. b4 Qb5 16. Bb2 f6 17. Rfe1 Rfd8 18. a4 Qc6 19. c4 dxc4 20. Bxe4
Bxe4 21. Qxe4 Qxe4 22. Rxe4 Rd2 23. Bc3 Rc2 24. Rxc4 Rd8 25. Bxf6 1-0

[Event "45. Open de Mislata 2011 - Grupo B"]
[Site "Mislata ESP"]
[Date "2011.08.21"]
[Round "9.6"]
[White "Aparisi Arnandis, Bernardo"]
[Black "Moya Sapena, Juan"]
[Result "1-0"]
[WhiteElo "2040"]
[BlackElo "1936"]
[PlyCount "147"]
[EventDate "2011.08.15"]
[EventType "swiss"]
[EventRounds "9"]
[EventCountry "ESP"]
[Source "lmi"]
[SourceDate "2011.08.15"]

1. c4 d6 2. g3 Nf6 3. Bg2 e5 4. Nc3 g6 5. d3 Bg7 6. e4 Nc6 7. Nge2 Bd7 8. Bg5
h6 9. Bd2 O-O 10. O-O Qc8 11. f4 Ne7 12. fxe5 dxe5 13. Bxh6 Bxh6 14. Rxf6 Kg7
15. Rf1 Bh3 16. Nd5 Nxd5 17. cxd5 Rh8 18. Kh1 Be3 19. Ng1 Bxg1 20. Rxg1 Qd7 21.
Bxh3 Rxh3 22. Rg2 c6 23. dxc6 Qxc6 24. Qf3 Rd8 25. Rf1 Qe6 26. b3 Rhh8 27. Rgf2
Rhf8 28. Qe3 b6 29. Rf6 Qd7 30. R6f3 Rc8 31. Qg5 Qd6 32. Rc1 Rxc1+ 33. Qxc1 Qd4
34. Qf1 Qd7 35. Qa1 f6 36. Qf1 Qe6 37. Rf2 Rc8 38. Rd2 Rc3 39. Qf2 Qc6 40. h4
Qe6 41. Kg2 Qc6 42. Kh2 Rc1 43. g4 Qd7 44. Kg3 Rc3 45. Qe3 Qc6 46. g5 Rc2 47.
gxf6+ Kxf6 48. Qg5+ Kf7 49. Qe3 Rxd2 50. Qxd2 Kg7 51. Qg5 Qd6 52. Qe3 Qc7 53.
h5 Qc2 54. hxg6 Kxg6 55. Qf3 Qxa2 56. Qf5+ Kh6 57. Qxe5 Qxb3 58. Qf6+ Kh7 59.
Qf5+ Kh6 60. e5 Qc3 61. Qe4 a5 62. e6 Qg7+ 63. Kh3 Qe7 64. d4 Kg7 65. d5 Qa3+
66. Kg4 Qe7 67. Kf5 Qf8+ 68. Ke5 Qf6+ 69. Kd6 Kf8 70. Qh7 Qf4+ 71. Kd7 Qa4+ 72.
Kc7 Qc4+ 73. Kb8 Qf4+ 74. Qc7 1-0

[Event "45. Open de Mislata 2011 - Grupo B"]
[Site "Mislata ESP"]
[Date "2011.08.21"]
[Round "9.7"]
[White "Miranda Gonzalez, Jose Luis"]
[Black "Cebolla Moll, Ricardo"]
[Result "0-1"]
[WhiteElo "1991"]
[BlackElo "2029"]
[PlyCount "111"]
[EventDate "2011.08.15"]
[EventType "swiss"]
[EventRounds "9"]
[EventCountry "ESP"]
[Source "lmi"]
[SourceDate "2011.08.15"]

1. e4 d5 2. exd5 Qxd5 3. Nc3 Qd6 4. d4 Nf6 5. Nf3 c6 6. Ne5 Nbd7 7. Bf4 Nd5 8.
Nxd5 Qxd5 9. Qd3 Nxe5 10. Bxe5 f6 11. Bg3 Bf5 12. Qd2 O-O-O 13. c3 e5 14. Be2
Qxg2 15. O-O-O Qe4 16. Bd3 Qxd3 17. Qxd3 Bxd3 18. Rxd3 g6 19. Re1 exd4 20. Rxd4
Rxd4 21. cxd4 Kd7 22. Kd2 Bd6 23. Bxd6 Kxd6 24. Kd3 Kd7 25. Re3 Re8 26. Rh3 Re7
27. Kc4 Kd6 28. a4 b6 29. b4 a6 30. b5 cxb5+ 31. axb5 Rc7+ 32. Kd3 a5 33. Re3
Re7 34. Rf3 f5 35. Rh3 Kd5 36. f3 f4 37. Rh4 Rf7 38. Rg4 a4 39. Rg2 a3 40. Rg5+
Rf5 41. Rg2 Kd6 42. Kc4 Rf7 43. Ra2 Ra7 44. h4 Ra4+ 45. Kb3 Rxd4 46. Kc3 Ra4
47. Kb3 Ra5 48. Kc4 Ke5 49. Re2+ Kf6 50. Ra2 h6 51. Kb4 g5 52. hxg5+ hxg5 53.
Kc4 Kf5 54. Kd3 g4 55. fxg4+ Kxg4 56. Ke2 0-1

[Event "45. Open de Mislata 2011 - Grupo B"]
[Site "Mislata ESP"]
[Date "2011.08.21"]
[Round "9.8"]
[White "Leon Colan, Carlos Edmundo"]
[Black "Moreno, Ibanez Miguel"]
[Result "0-1"]
[WhiteElo "1981"]
[BlackElo "2022"]
[PlyCount "124"]
[EventDate "2011.08.15"]
[EventType "swiss"]
[EventRounds "9"]
[EventCountry "ESP"]
[Source "lmi"]
[SourceDate "2011.08.15"]

1. d4 Nf6 2. Nd2 g6 3. e4 d6 4. Bd3 Bg7 5. Ne2 O-O 6. O-O e5 7. d5 c6 8. c4 a5
9. a3 Nbd7 10. Rb1 Nc5 11. Bc2 a4 12. Nc3 Qa5 13. f3 h5 14. Rf2 cxd5 15. cxd5
h4 16. Na2 Nh5 17. Nb4 Nf4 18. Nc4 Qd8 19. Be3 Bh6 20. Qe1 Qf6 21. Kh1 Bg5 22.
Qd2 Nd7 23. Qe1 Kg7 24. Rd1 Rh8 25. Nb6 Nxb6 26. Bxb6 Nh5 27. Nd3 Bd7 28. Ba5
Rxa5 29. Qxa5 Be3 30. Qe1 Ng3+ 31. Kg1 Bd4 32. Nb4 Bb6 33. Qd2 Qd8 34. Bd3 Qb8
35. f4 Qa7 36. fxe5 dxe5 37. d6 Bg4 38. Re1 Rd8 39. Nd5 Rxd6 40. Nxb6 Qxb6 41.
Qg5 Rxd3 42. Qxg4 Nh1 43. Qxh4 Rd2 44. Kxh1 Rxf2 45. Qg3 Qxb2 46. h3 Rf4 47.
Qe3 Qc2 48. Re2 Qc6 49. Kh2 Rf1 50. g3 Rc1 51. Qd2 Qc5 52. Rg2 Rc3 53. h4 Rxa3
54. Qg5 f6 55. Qg4 Kh6 56. h5 gxh5 57. Qf5 Qe7 58. g4 hxg4 59. Rxg4 Ra2+ 60.
Kh3 Ra3+ 61. Kh4 Qf7 62. Rg1 Rb3 0-1

[Event "45. Open de Mislata 2011 - Grupo B"]
[Site "Mislata ESP"]
[Date "2011.08.21"]
[Round "9.9"]
[White "Lopez Mulet, Inigo"]
[Black "Benedito Salavert, Jaime"]
[Result "1-0"]
[WhiteElo "1780"]
[BlackElo "1996"]
[PlyCount "77"]
[EventDate "2011.08.15"]
[EventType "swiss"]
[EventRounds "9"]
[EventCountry "ESP"]
[Source "lmi"]
[SourceDate "2011.08.15"]

1. d4 Nf6 2. c4 e6 3. g3 c5 4. d5 exd5 5. cxd5 d6 6. Nc3 Be7 7. Bg2 O-O 8. Nf3
Bg4 9. Nd2 a6 10. a4 a5 11. h3 Bd7 12. O-O Na6 13. Nc4 Nb4 14. e4 Ra6 15. f4
Ne8 16. Be3 f5 17. e5 dxe5 18. fxe5 Bg5 19. Bxc5 Qc7 20. Bxf8 Qxc4 21. e6 Bxe6
22. dxe6 Kxf8 23. Rxf5+ Bf6 24. e7+ Kxe7 25. Bxb7 Bd4+ 26. Kh2 Re6 27. Nd5+
Nxd5 28. Bxd5 Qe2+ 29. Kh1 Bxb2 30. Qxe2 Rxe2 31. Rd1 Nd6 32. Rff1 Bc3 33. Rc1
Bb4 34. Rc7+ Kd8 35. Rxg7 Ne4 36. Rxh7 Bd6 37. Ra7 Ke8 38. Ra6 Ke7 39. Rxd6 1-0

[Event "45. Open de Mislata 2011 - Grupo B"]
[Site "Mislata ESP"]
[Date "2011.08.21"]
[Round "9.10"]
[White "De Pablos Fernandez, Mariano"]
[Black "Navarro Diaz, Carles"]
[Result "0-1"]
[WhiteElo "2051"]
[BlackElo "2089"]
[PlyCount "106"]
[EventDate "2011.08.15"]
[EventType "swiss"]
[EventRounds "9"]
[EventCountry "ESP"]
[Source "lmi"]
[SourceDate "2011.08.15"]

1. e4 e5 2. Bc4 Nf6 3. Nf3 Nxe4 4. Nc3 Nf6 5. Nxe5 d5 6. Nxd5 Nxd5 7. Nxf7 Qe7+
8. Qe2 Qxe2+ 9. Kxe2 Kxf7 10. Bxd5+ Ke8 11. Re1 c6 12. Bb3 Bd6 13. d4 Kd8 14.
Kf1 Bf5 15. Bg5+ Kc7 16. c4 h6 17. Be3 g5 18. c5 Be7 19. Bf4+ gxf4 20. Rxe7+
Nd7 21. Rae1 Raf8 22. Be6 Bxe6 23. R1xe6 Kd8 24. f3 h5 25. b4 Re8 26. Rxe8+
Rxe8 27. Rh6 Re3 28. Rxh5 Rd3 29. Rh4 Rxd4 30. g4 Rxb4 31. g5 Ne5 32. Rh8+ Ke7
33. h4 Rb1+ 34. Kg2 Rb2+ 35. Kh3 Nxf3 36. Rh7+ Ke6 37. Kg4 Ne5+ 38. Kxf4 Ng6+
39. Kg3 Nxh4 40. Rxh4 Kf5 41. Rg4 Rb1 42. Ra4 a6 43. Rc4 Kxg5 44. Kf3 Kf5 45.
Ke3 Ke5 46. Rc2 Kd5 47. Kd3 Rb4 48. Kd2 Rh4 49. Kc1 Rc4 50. Kb2 Rxc2+ 51. Kxc2
Kxc5 52. Kc3 b5 53. Kb3 Kd4 0-1